00952nab a2200205 i 4500001001000000003001000010005001700020008004100037040003000078041000800108100002700116245007000143520025700213650001800470650002200488773016400510942000800674945004700682999001700729768714001CO-MdFUSB20240509144952.0240508t1968 sp ||||| |||| 00| 0 spa d bspacCO-MdFUSBdCO-MdFUSB aspa aHucke, Helmut, eautor 3aLa instrucción sobre la música en la liturgiac/ Helmut Hucke aEl 5 de marzo de 1967, domínica «laetare», apareció la Instrucción Musicam sacram sobre la música en la liturgia. Después se ha sabido esta que Instrucción había tenido una prehistoria muy movida. Este es un boletón sobre la liturgia 7aLiturgia9206 0aAdoración910660 049450982592oR2522tRevista internacional de teología Conciliumw(CO-MdFUSB)8x0210-1041gNúmero 32, (febrero, 1968), páginas: 283 - 302qpágina: 283 cANA aCatherine Arias Alvarez - Practicante SENA c69615d69615